000 00604nam a2200241 i 4500
001 C2-0216049
003 PPAK
005 20180728104655.0
008 990511s1987 my |||| ||||| | may d
020 _a9839574027
040 _aPPAK
_beng
_cPPAK
_erda
082 0 4 _a899.233
_2 23
090 0 0 _a899.233
_bJOH
_dKSA
100 0 _aJohan Jaaffar,
_eauthor
245 1 0 _aPemain
264 1 _aSelangor :
_bOen Industries ,
_c1987
300 _a53 pages
336 _2rdacontent
_atext
337 _2rdamedia
_aunmediated
338 _2rdacarrier
_avolume
650 1 0 _aMalay Fiction
942 _ddc
_cB
999 _c159734
_d159734